|
|
|
|
| LEADER |
00000naa0a2200000 4500 |
| 001 |
594948 |
| 005 |
20250221115516.0 |
| 035 |
|
|
|a (RuTPU)RU\TPU\tpu\12274
|
| 035 |
|
|
|a RU\TPU\tpu\12273
|
| 090 |
|
|
|a 594948
|
| 100 |
|
|
|a 20050607d1988 k y0rusy50 ca
|
| 101 |
0 |
|
|a rus
|
| 102 |
|
|
|a RU
|
| 200 |
1 |
|
|a Комплект многозначных мер ослабления высшей точности с независимой калибровкой МОК-1
|f М. С. Ройтман [и др.]
|
| 463 |
|
|
|t Точные измерения электрических величин: переменного тока, напряжения, мощности, энергии и угла фазового сдвига
|o тезисы докладов 3 Всесоюзного совещания (Кириши, 23-25 ноября, 1988)
|v С. 107
|d 1988
|
| 610 |
1 |
|
|a калибраторы
|
| 610 |
1 |
|
|a точность
|
| 610 |
1 |
|
|a поверка
|
| 610 |
1 |
|
|a многозначные меры
|
| 610 |
1 |
|
|a ослабление
|
| 610 |
1 |
|
|a труды учёных ТПУ
|
| 701 |
|
1 |
|a Ройтман
|b М. С.
|
| 701 |
|
1 |
|a Калиниченко
|b Н. П.
|
| 701 |
|
1 |
|a Кунц
|b А. А.
|
| 701 |
|
1 |
|a Ким
|b В. Л.
|
| 701 |
|
1 |
|a Мержа
|b А. Н.
|
| 801 |
|
1 |
|a RU
|b 63413507
|c 20050607
|g PSBO
|
| 801 |
|
2 |
|a RU
|b 63413507
|c 20100422
|g PSBO
|
| 942 |
|
|
|c BK
|